Understanding south China sea geopolitics / (Record no. 144908)

MARC details
000 -LEADER
fixed length control field 00917nam a22002417a 4500
005 - DATE AND TIME OF LATEST TRANSACTION
control field 20230301113736.0
010 ## - LCCN (DPL NO)
LC control number 1718EN-30 ENG-122750 B-682330-331 ENG-136060
020 ## - INTERNATIONAL STANDARD BOOK NUMBER
International Standard Book Number 9788182749412
Terms of availability 995.00
035 ## - SYSTEM CONTROL NUMBER
System control number EN-106281
035 ## - SYSTEM CONTROL NUMBER
System control number B-682330-331
035 ## - SYSTEM CONTROL NUMBER
System control number EN-119592
037 ## - SOURCE OF ACQUISITION
Source of stock number/acquisition Pragati
Stock number dpl
037 ## - SOURCE OF ACQUISITION
Source of stock number/acquisition DBAD/PUB
082 ## - DEWEY DECIMAL CLASSIFICATION NUMBER
Classification number 327.59
100 ## - MAIN ENTRY--PERSONAL NAME
Personal name Bhattacharya, Subhadeep
245 ## - TITLE STATEMENT
Title Understanding south China sea geopolitics /
Statement of responsibility, etc by Subhadeep Bhattacharya
260 ## - PUBLICATION, DISTRIBUTION, ETC. (IMPRINT)
Place of publication, distribution, etc New Delhi
Name of publisher, distributor, etc Pentagon Press
Date of publication, distribution, etc 2017
270 ## - ADDRESS
Address 206, Peacock Lane, Shahpur Jat
City New Delhi
Postal code 110049
300 v# - PHYSICAL DESCRIPTION
Extent xix,300p.
Dimensions 23cm(Hb)
500 ## - GENERAL NOTE
General note Includes bibliographical references and index
942 ## - ADDED ENTRY ELEMENTS (KOHA)
Source of classification or shelving scheme Dewey Decimal Classification
Item type English Books
Call number suffix BHA
Classification part 327.59
Holdings
Withdrawn status Lost status Not for loan Collection code Home library Current library Date acquired Source of acquisition Cost, normal purchase price Full call number Barcode Copy number Cost, replacement price Koha item type
      Non-fiction Ashok Vihar Ashok Vihar 23/05/2018 Pragati/142/27.11.2017/672/20.11.2017/28.11.2017 995.00 327.59 BHA B-682331 1 995.00 English Books
    Not For Loan Non-fiction D.B.Act.Division Bawana 17/04/2018 DBAD/PUB 995.00 327.59 BHA EN-106282 1 995.00 English Books
      Non-fiction Central Library Central Library 23/05/2018 Pragati/142/27.11.2017/672/20.11.2017/28.11.2017 995.00 327.59 BHA B-682330 1 995.00 English Books
      Non-fiction Kasturba Gandhi Marg Kasturba Gandhi Marg 27/01/2023 DBAD/PUB 995.00 327.59 BHA EN-119592 1 995.00 English Books

© Delhi Public Library
Hit Counter
free hit counter